Statistiques concernant 15 principaux pays touchés par Covid-19 - 17 juillet

Cliquez ici pour prendre le quiz!

Statistiques générales

  • Ce quiz a été pris 18 fois
  • Le résultat moyen est 11 sur 25

Statistiques - réponses

pays% Correct
Etats-Unis
100%
Brésil
94%
Inde
78%
Mexique
78%
Russie
72%
Chili
61%
Chili
61%
Espagne
61%
Italie
61%
Pérou
56%
Royaume-Uni
56%
Iran
44%
Afrique du Sud
39%
Pakistan
39%
Suède
33%
Panama
28%
Biélorussie
22%
Turquie
22%
Qatar
17%
Arabie Saoudite
11%
Arménie
11%
Bahreïn
11%
Koweït
11%
Oman
11%
Singapour
11%

Distribution des résultats

Percentile par nombre de réponses

% des personnes avec chaque résultat

Votre développement - résultats

Vous n’avez pas pris ce quiz